|
|
|
|
| LEADER |
00927nam a2200265 a 4500 |
| 001 |
2278781 |
| 008 |
091105s1997 ii a 000 0 eng d |
| 010 |
|
|
|a 78906121
|
| 020 |
|
|
|c 0706999290
|
| 040 |
|
|
|a DLC
|c DLC
|d DLC
|
| 082 |
0 |
0 |
|a 330.9/172/4
|2 21
|
| 100 |
1 |
|
|a Agarwal,A. N.
|
| 245 |
1 |
4 |
|a Economics of development and planning /
|c A. N. Agarwal and Kundan Lal
|
| 250 |
|
|
|a 3rd rev. ed.
|
| 260 |
|
|
|a New Delhi :
|b Vikas,
|c 1997.
|
| 300 |
|
|
|a xii, 502 p. :
|b diagrs. ;
|c 25 cm.
|
| 500 |
|
|
|a Includes Bibliobgraphy: p. [499]-502.
|
| 541 |
1 |
|
|e 00011167
|
| 650 |
|
0 |
|a Economic development.
|
| 650 |
|
0 |
|a Economic policy.
|
| 651 |
|
0 |
|a India
|x Economic policy.
|
| 700 |
1 |
|
|a Lal, Kundan
|
| 852 |
4 |
|
|a Ayesha Abed Library
|j General Shelf
|
| 999 |
|
|
|c 7604
|d 7604
|
| 952 |
|
|
|0 0
|1 0
|2 ddc
|4 0
|6 330_917240000000000_AGA_1997
|7 0
|9 8297
|a BRACUL
|b BRACUL
|c GEN
|d 2010-02-18
|l 1
|o 330.91724 AGA
|p 3010011167
|r 2018-07-17
|s 2018-07-10
|t 1
|w 2010-02-18
|y BK
|